In...canto di donne

Uloženo v:
Podrobná bibliografie
Hlavní autor: AA.VV
Médium: Kniha
Jazyk:neznámý jazyk
Vydáno: Brescia Casa delle donne 2001
Tagy: Přidat tag
Žádné tagy, Buďte první, kdo vytvoří štítek k tomuto záznamu!

MARC

LEADER 00000nam a2200000Ia 4500
001 191
003 NUMERAZIONE-ORIGINALE-BRESCIA
005 20260206230749.0
008 260206s9999 xx 000 0 und d
100 |a AA.VV. 
245 0 |a In...canto di donne 
260 |a Brescia 
260 |b Casa delle donne 
260 |c 2001 
500 |a concorso di racconti 
942 |2 ddc  |c BK  |n 0 
952 |0 0  |1 0  |2 ddc  |4 0  |6 24  |7 0  |9 28389  |a BS  |b BS  |d 2026-02-06  |i 191  |l 0  |o 2-4-*  |r 2026-02-06 22:40:34  |w 2026-02-06  |x [REVISIONARE]  |y BK 
999 |c 24072  |d 24072